<?xml version="1.0" encoding="UTF-8"?>
<record
    xmlns:xsi="http://www.w3.org/2001/XMLSchema-instance"
    xsi:schemaLocation="http://www.loc.gov/MARC21/slim http://www.loc.gov/standards/marcxml/schema/MARC21slim.xsd"
    xmlns="http://www.loc.gov/MARC21/slim">

  <leader>06709namaa22004331i 4500</leader>
  <controlfield tag="003">EG-GICUC</controlfield>
  <controlfield tag="005">20260430163734.0</controlfield>
  <controlfield tag="008">260430s2025    ua a|||frm||| 000 0 eng d</controlfield>
  <datafield tag="040" ind1=" " ind2=" ">
    <subfield code="a">EG-GICUC</subfield>
    <subfield code="b">eng</subfield>
    <subfield code="c">EG-GICUC</subfield>
    <subfield code="d">EG-GICUC</subfield>
    <subfield code="e">rda</subfield>
  </datafield>
  <datafield tag="041" ind1="0" ind2=" ">
    <subfield code="a">eng</subfield>
    <subfield code="b">eng</subfield>
    <subfield code="b">ara</subfield>
  </datafield>
  <datafield tag="049" ind1=" " ind2=" ">
    <subfield code="a">Deposit</subfield>
  </datafield>
  <datafield tag="082" ind1="0" ind2="4">
    <subfield code="a">617.634</subfield>
  </datafield>
  <datafield tag="092" ind1=" " ind2=" ">
    <subfield code="a">617.634</subfield>
    <subfield code="2">21</subfield>
  </datafield>
  <datafield tag="097" ind1=" " ind2=" ">
    <subfield code="a">M.Sc</subfield>
  </datafield>
  <datafield tag="099" ind1=" " ind2=" ">
    <subfield code="a">Cai01.09.02.M.Sc.2025.Pe.A</subfield>
  </datafield>
  <datafield tag="100" ind1="0" ind2=" ">
    <subfield code="a">Perrette Emad Aziz AbdelMeseh,</subfield>
    <subfield code="e">preparation.</subfield>
  </datafield>
  <datafield tag="245" ind1="1" ind2="0">
    <subfield code="a">Assessment of depth of dentinal penetration of three different root canal obturating materials and techniques in single rooted teeth </subfield>
    <subfield code="b">a comparative in-vitro study /</subfield>
    <subfield code="c">by Perrette Emad Aziz AbdelMeseh ; Supervisors Prof. Dr. Hamdy Adly Youssef, Dr. Mohamed Mohsen Abi El Hassan. </subfield>
  </datafield>
  <datafield tag="246" ind1="1" ind2="5">
    <subfield code="a">&#x642;&#x64A;&#x627;&#x633; &#x639;&#x645;&#x642; &#x627;&#x644;&#x627;&#x62E;&#x62A;&#x631;&#x627;&#x642; &#x627;&#x644;&#x62E;&#x627;&#x635;&#x629; &#x628;&#x62B;&#x644;&#x627;&#x62B; &#x645;&#x648;&#x627;&#x62F; &#x648;&#x637;&#x631;&#x642; &#x62D;&#x634;&#x648; &#x627;&#x644;&#x627;&#x642;&#x646;&#x64A;&#x629; &#x627;&#x644;&#x62C;&#x630;&#x631;&#x64A;&#x629; &#x644;&#x644;&#x623;&#x633;&#x646;&#x627;&#x646; &#x627;&#x62D;&#x627;&#x62F;&#x64A;&#x629; &#x627;&#x644;&#x62C;&#x630;&#x648;&#x631; :</subfield>
    <subfield code="b">&#x62F;&#x631;&#x627;&#x633;&#x629; &#x645;&#x642;&#x627;&#x631;&#x646;&#x629; &#x645;&#x639;&#x645;&#x644;&#x64A;&#x629;</subfield>
  </datafield>
  <datafield tag="264" ind1=" " ind2="0">
    <subfield code="c">2025.</subfield>
  </datafield>
  <datafield tag="300" ind1=" " ind2=" ">
    <subfield code="a">86 pages :</subfield>
    <subfield code="b">illustrations :</subfield>
    <subfield code="c">25 cm. + </subfield>
    <subfield code="e">CD.</subfield>
  </datafield>
  <datafield tag="336" ind1=" " ind2=" ">
    <subfield code="a">text</subfield>
    <subfield code="2">rda content</subfield>
  </datafield>
  <datafield tag="337" ind1=" " ind2=" ">
    <subfield code="a">Unmediated</subfield>
    <subfield code="2">rdamedia</subfield>
  </datafield>
  <datafield tag="338" ind1=" " ind2=" ">
    <subfield code="a">volume</subfield>
    <subfield code="2">rdacarrier</subfield>
  </datafield>
  <datafield tag="502" ind1=" " ind2=" ">
    <subfield code="a">Thesis (M.Sc)-Cairo University, 2025.</subfield>
  </datafield>
  <datafield tag="504" ind1=" " ind2=" ">
    <subfield code="a">Bibliography: pages 75-83. </subfield>
  </datafield>
  <datafield tag="520" ind1=" " ind2="3">
    <subfield code="a">Aim: The aim of the study is to assess and compare the depth of dentinal penetration of AH 
plus Resin sealer when used in cold lateral compaction technique versus Ceraseal Bioceramic 
sealer when used with single cone technique and MTA Angelus total obturation. Scanning 
electron microscope was used in assessment of the depth of dentinal penetration of sealers in 
single rooted teeth. 
Materials &amp; methods: 57 single rooted premolars with single canal were prepared with 
Protaper Next rotary system up to X4 and after each instrument change, canals were irrigated 
with NaOCl t h e n the canals were irrigated with EDTA for removing the smear layer. 
Finally, the canals were rinsed with distilled water to purify the remnant of previous solutions. 
The sample was divided randomly into 3groups (n=19) according to the root canal filling 
material and the technique used. The 3 groups were filled with AH Plus Resin sealer and cold 
lateral compaction technique, Ceraseal bioceramic sealer and single cone gutta percha, or 
totally filled with MTA Angelus. After setting, the roots were split into two halves and one of 
the two halves was used for examination. Notches were formed on each half of root at 2, 5, and 
8 mm using a scalpel then specimens were placed in 17% EDTA for 15 seconds then rinsed 
with distilled water for 15 seconds, air-dried slightly, and dehydrated in an incubator. After 
preparation, the maximum, and the average depth of sealer penetration was calculated using the 
Scanning electron microscope.  

Results: For all the studied regions (coronal, middle and apical): MTA total obturation group 
showed the highest mean of penetration. While, AH Plus resin sealer with cold lateral 
compaction technique achieved the lowest penetration with a highly significant difference 
between the three groups at the coronal and middle thirds. For the apical third, there was no 
significant difference between the Ceraseal Bioceramic sealer with single cone technique and 
AH Plus resin with cold lateral compaction technique while MTA total obturation group 
showed a significant difference in relation to the other two groups. (P-value &lt; 0.001). 
Conclusion: MTA total obturation group showed the highest mean of penetration at all thirds. 
While, AH Plus resin sealer with cold lateral compaction technique achieved the lowest mean 
of sealer penetration. </subfield>
  </datafield>
  <datafield tag="520" ind1=" " ind2="3">
    <subfield code="a">&#x637;&#x631;&#x64A;&#x642;&#x629; &#x627;&#x644;&#x628;&#x62D;&#x62B;: &#x62A;&#x645; &#x62C;&#x645;&#x639; &#x633;&#x628;&#x639; &#x648; &#x62E;&#x645;&#x633;&#x648;&#x646; &#x645;&#x646; &#x627;&#x644;&#x627;&#x633;&#x646;&#x627;&#x646; &#x627;&#x644;&#x628;&#x634;&#x631;&#x64A;&#x629; &#x627;&#x62D;&#x627;&#x62F;&#x64A;&#x629; &#x627;&#x644;&#x62C;&#x630;&#x648;&#x631; &#x627;&#x644;&#x645;&#x633;&#x62A;&#x62E;&#x644;&#x635;&#x629; &#x648; &#x62A;&#x62D;&#x636;&#x64A;&#x631;&#x647;&#x627; &#x628;&#x648;&#x627;&#x633;&#x637;&#x629; &#x646;&#x638;&#x627;&#x645; &#x627;&#x644;&#x62D;&#x645;&#x627;&#x64A;&#x629; &#x627;&#x644;&#x62F;&#x648;&#x631;&#x627;&#x646;&#x64A; &#x627;&#x644;&#x62A;&#x627;&#x644;&#x64A; &#x648; &#x62A;&#x645; &#x631;&#x64A;&#x647;&#x627; &#x628;&#x627;&#x633;&#x62A;&#x62E;&#x62F;&#x627;&#x645; &#x647;&#x64A;&#x628;&#x648;&#x643;&#x644;&#x648;&#x631;&#x64A;&#x62A; &#x627;&#x644;&#x635;&#x648;&#x62F;&#x64A;&#x648;&#x645;EDTA&#x648;&#x627;&#x62E;&#x64A;&#x631;&#x627; &#x62A;&#x645; &#x631;&#x64A;&#x647;&#x627; &#x628;&#x627;&#x644;&#x645;&#x627;&#x621; &#x627;&#x644;&#x645;&#x639;&#x642;&#x645;.&#x643;&#x644; &#x627;&#x644;&#x639;&#x64A;&#x646;&#x627;&#x62A; &#x62A;&#x645; &#x62A;&#x62C;&#x641;&#x64A;&#x641;&#x647;&#x627; &#x648; &#x62A;&#x642;&#x633;&#x64A;&#x645;&#x647;&#x627; &#x627;&#x644;&#x64A; &#x62B;&#x644;&#x627;&#x62B; &#x645;&#x62C;&#x645;&#x648;&#x639;&#x627;&#x62A; &#x628;&#x646;&#x627;&#x621; &#x639;&#x644;&#x64A; &#x646;&#x648;&#x639; &#x627;&#x644;&#x645;&#x648;&#x627;&#x62F; &#x627;&#x644;&#x645;&#x633;&#x62A;&#x62E;&#x62F;&#x645;&#x629; &#x641;&#x64A; &#x62D;&#x634;&#x648; &#x627;&#x644;&#x62C;&#x630;&#x648;&#x631; &#x648; &#x637;&#x628;&#x642;&#x627; &#x644;&#x637;&#x631;&#x64A;&#x642;&#x629; &#x627;&#x644;&#x62D;&#x634;&#x648; &#x627;&#x645;&#x627; &#x627;&#x633;&#x62A;&#x62E;&#x62F;&#x627;&#x645; AH Plus resin sealer&#x645;&#x639; &#x627;&#x644;&#x62D;&#x634;&#x648; &#x627;&#x644;&#x62C;&#x627;&#x646;&#x628;&#x64A; &#x627;&#x644;&#x628;&#x627;&#x631;&#x62F;, Cerasealbioceramic sealer&#x645;&#x639; &#x62A;&#x642;&#x646;&#x64A;&#x629; &#x627;&#x644;&#x645;&#x62E;&#x631;&#x648;&#x637; &#x627;&#x644;&#x648;&#x627;&#x62D;&#x62F; &#x627;&#x648; &#x62D;&#x634;&#x648; &#x627;&#x644;&#x62C;&#x630;&#x648;&#x631; &#x628;&#x627;&#x644;&#x643;&#x627;&#x645;&#x644; &#x628;&#x627;&#x633;&#x62A;&#x62E;&#x62F;&#x627;&#x645; MTA.&#x62A;&#x645; &#x62A;&#x62E;&#x632;&#x64A;&#x646; &#x627;&#x644;&#x639;&#x64A;&#x646;&#x627;&#x62A; &#x639;&#x646;&#x62F; &#x62F;&#x631;&#x62C;&#x629; &#x62D;&#x631;&#x627;&#x631;&#x629; 37 &#x644;&#x645;&#x62F;&#x629; &#x627;&#x633;&#x628;&#x648;&#x639;&#x64A;&#x646; &#x62B;&#x645; &#x62A;&#x645; &#x62A;&#x642;&#x637;&#x64A;&#x639; &#x627;&#x644;&#x639;&#x64A;&#x646;&#x627;&#x62A; &#x637;&#x648;&#x644;&#x64A;&#x627; &#x627;&#x644;&#x64A; &#x646;&#x635;&#x641;&#x64A;&#x646; &#x648; &#x631;&#x64A;&#x647;&#x627; &#x628;&#x627;&#x633;&#x62A;&#x62E;&#x62F;&#x627;&#x645; %17EDTA&#x644;&#x645;&#x62F;&#x629; 15 &#x62B;&#x627;&#x646;&#x64A;&#x629; &#x648; &#x645;&#x627;&#x621; &#x645;&#x639;&#x642;&#x645; &#x644;&#x645;&#x62F;&#x629; 15 &#x62B;&#x627;&#x646;&#x64A;&#x629; &#x62B;&#x645; &#x62A;&#x62C;&#x641;&#x64A;&#x641;&#x647;&#x627; &#x648; &#x627;&#x633;&#x62A;&#x62E;&#x62F;&#x627;&#x645; &#x648;&#x627;&#x62D;&#x62F; &#x645;&#x646; &#x627;&#x62D;&#x62F;&#x64A; &#x627;&#x644;&#x646;&#x635;&#x641;&#x64A;&#x646; &#x644;&#x642;&#x64A;&#x627;&#x633; &#x639;&#x645;&#x642; &#x627;&#x644;&#x627;&#x62E;&#x62A;&#x631;&#x627;&#x642; &#x639;&#x646;&#x62F; &#x630;&#x631;&#x648;&#x629; &#x627;&#x644;&#x62C;&#x630;&#x631;, &#x645;&#x646;&#x62A;&#x635;&#x641;&#x629; &#x648; &#x639;&#x646;&#x62F; &#x627;&#x644;&#x642;&#x627;&#x645;&#x629; &#x628;&#x627;&#x633;&#x62A;&#x62E;&#x62F;&#x627;&#x645; Scanning electron microscope.
&#x627;&#x644;&#x646;&#x62A;&#x627;&#x626;&#x62C; : &#x627;&#x638;&#x647;&#x631; &#x62D;&#x634;&#x648; &#x627;&#x644;&#x62C;&#x630;&#x648;&#x631; &#x628;&#x627;&#x644;&#x643;&#x627;&#x645;&#x644; &#x628;&#x627;&#x633;&#x62A;&#x62E;&#x62F;&#x627;&#x645; MTA&#x623;&#x641;&#x636;&#x644; &#x627;&#x62E;&#x62A;&#x631;&#x627;&#x642; &#x644;&#x644;MTA&#x62F;&#x627;&#x62E;&#x644; &#x62C;&#x62F;&#x627;&#x631; &#x627;&#x644;&#x627;&#x642;&#x646;&#x64A;&#x629; &#x627;&#x644;&#x62C;&#x630;&#x631;&#x64A;&#x629;&#x628;&#x64A;&#x646;&#x645;&#x627; &#x627;&#x638;&#x647;&#x631; AH Plus resin sealer&#x645;&#x639; &#x62A;&#x642;&#x646;&#x64A;&#x629; &#x627;&#x644;&#x636;&#x63A;&#x637; &#x627;&#x644;&#x62C;&#x627;&#x646;&#x628;&#x64A; &#x627;&#x644;&#x628;&#x627;&#x631;&#x62F; &#x627;&#x642;&#x644; &#x627;&#x62E;&#x62A;&#x631;&#x627;&#x642; &#x62F;&#x627;&#x62E;&#x644; &#x62C;&#x62F;&#x627;&#x631; &#x627;&#x644;&#x627;&#x642;&#x646;&#x64A;&#x629; &#x627;&#x644;&#x62C;&#x630;&#x631;&#x64A;&#x629; &#x645;&#x639; &#x648;&#x62C;&#x648;&#x62F; &#x641;&#x631;&#x642; &#x627;&#x62D;&#x635;&#x627;&#x626;&#x64A; &#x628;&#x64A;&#x646; &#x627;&#x644;&#x62B;&#x644;&#x627;&#x62B; &#x645;&#x62C;&#x645;&#x648;&#x639;&#x627;&#x62A; &#x639;&#x646;&#x62F; &#x642;&#x645;&#x629; &#x648;&#x645;&#x646;&#x62A;&#x635;&#x641; &#x627;&#x644;&#x62C;&#x630;&#x631;.&#x639;&#x646;&#x62F; &#x630;&#x631;&#x648;&#x629; &#x627;&#x644;&#x62C;&#x630;&#x631;: &#x644;&#x645; &#x64A;&#x643;&#x646; &#x647;&#x646;&#x627;&#x643; &#x641;&#x631;&#x642; &#x627;&#x62D;&#x635;&#x627;&#x626;&#x64A; &#x628;&#x64A;&#x646; AH Plus resin sealer&#x645;&#x639; &#x62A;&#x642;&#x646;&#x64A;&#x629; &#x627;&#x644;&#x636;&#x63A;&#x637; &#x627;&#x644;&#x62C;&#x627;&#x646;&#x628;&#x64A; &#x648; Cerasealbioceramic sealer&#x645;&#x639; &#x62A;&#x642;&#x646;&#x64A;&#x629; &#x627;&#x644;&#x645;&#x62E;&#x631;&#x648;&#x637; &#x627;&#x644;&#x648;&#x627;&#x62D;&#x62F;&#x60C; &#x628;&#x64A;&#x646;&#x645;&#x627; &#x627;&#x638;&#x647;&#x631; &#x62D;&#x634;&#x648; &#x627;&#x644;&#x62C;&#x630;&#x648;&#x631; &#x628;&#x627;&#x644;&#x643;&#x627;&#x645;&#x644; &#x628;&#x627;&#x633;&#x62A;&#x62E;&#x62F;&#x627;&#x645; MTA&#x641;&#x631;&#x642; &#x627;&#x62D;&#x635;&#x627;&#x626;&#x64A; &#x628;&#x64A;&#x646; &#x627;&#x644;&#x645;&#x62C;&#x645;&#x648;&#x639;&#x627;&#x62A; &#x627;&#x644;&#x627;&#x62E;&#x631;&#x64A; &#x639;&#x646;&#x62F; &#x642;&#x645;&#x629; &#x627;&#x644;&#x62C;&#x630;&#x631;
&#x627;&#x644;&#x62E;&#x644;&#x627;&#x635;&#x629;: &#x627;&#x638;&#x647;&#x631; &#x62D;&#x634;&#x648; &#x627;&#x644;&#x62C;&#x630;&#x648;&#x631; &#x628;&#x627;&#x644;&#x643;&#x627;&#x645;&#x644; &#x628;&#x627;&#x633;&#x62A;&#x62E;&#x62F;&#x627;&#x645; MTA &#x623;&#x641;&#x636;&#x644; &#x627;&#x62E;&#x62A;&#x631;&#x627;&#x642; &#x62F;&#x627;&#x62E;&#x644; &#x627;&#x644;&#x627;&#x642;&#x646;&#x64A;&#x629; &#x627;&#x644;&#x62C;&#x630;&#x631;&#x64A;&#x629; &#x639;&#x646;&#x62F; &#x642;&#x645;&#x629; &#x648;&#x645;&#x646;&#x62A;&#x635;&#x641; &#x648;&#x630;&#x631;&#x648;&#x629; &#x627;&#x644;&#x62C;&#x630;&#x631; &#x628;&#x64A;&#x646;&#x645;&#x627; &#x627;&#x638;&#x647;&#x631; AH Plus resin sealer&#x645;&#x639; &#x62A;&#x642;&#x646;&#x64A;&#x629; &#x627;&#x644;&#x636;&#x63A;&#x637; &#x627;&#x644;&#x62C;&#x627;&#x646;&#x628;&#x64A; &#x627;&#x644;&#x628;&#x627;&#x631;&#x62F; &#x627;&#x642;&#x644; &#x627;&#x62E;&#x62A;&#x631;&#x627;&#x642; &#x62F;&#x627;&#x62E;&#x644; &#x62C;&#x62F;&#x627;&#x631; &#x627;&#x644;&#x627;&#x642;&#x646;&#x64A;&#x629; &#x627;&#x644;&#x62C;&#x630;&#x631;&#x64A;&#x629;.</subfield>
  </datafield>
  <datafield tag="530" ind1=" " ind2=" ">
    <subfield code="a">Issues also as CD.</subfield>
  </datafield>
  <datafield tag="546" ind1=" " ind2=" ">
    <subfield code="a">Text in English and abstract in Arabic &amp; English.</subfield>
  </datafield>
  <datafield tag="650" ind1=" " ind2="0">
    <subfield code="a">Endodontics</subfield>
  </datafield>
  <datafield tag="650" ind1=" " ind2="0">
    <subfield code="a">&#x639;&#x644;&#x627;&#x62C; &#x627;&#x644;&#x62C;&#x630;&#x648;&#x631;</subfield>
  </datafield>
  <datafield tag="653" ind1=" " ind2="1">
    <subfield code="a">Sealer penetration</subfield>
    <subfield code="a">Different obturation techniques</subfield>
    <subfield code="a">Scanning Electron microscope</subfield>
  </datafield>
  <datafield tag="700" ind1="0" ind2=" ">
    <subfield code="a">Hamdy Adly Youssef</subfield>
    <subfield code="e">thesis advisor.</subfield>
  </datafield>
  <datafield tag="700" ind1="0" ind2=" ">
    <subfield code="a">Mohamed Mohsen Abi El Hassan</subfield>
    <subfield code="e">thesis advisor.</subfield>
  </datafield>
  <datafield tag="900" ind1=" " ind2=" ">
    <subfield code="b">01-01-2025</subfield>
    <subfield code="c">Hamdy Adly Youssef</subfield>
    <subfield code="c">Mohamed Mohsen Abi El Hassan</subfield>
    <subfield code="U">Cairo University</subfield>
    <subfield code="F">Faculty of Dentistry </subfield>
    <subfield code="D">Department of Endodontics</subfield>
  </datafield>
  <datafield tag="905" ind1=" " ind2=" ">
    <subfield code="a">Shimaa</subfield>
  </datafield>
  <datafield tag="942" ind1=" " ind2=" ">
    <subfield code="2">ddc</subfield>
    <subfield code="c">TH</subfield>
    <subfield code="e">21</subfield>
    <subfield code="n">0</subfield>
  </datafield>
  <datafield tag="999" ind1=" " ind2=" ">
    <subfield code="c">179867</subfield>
  </datafield>
  <datafield tag="952" ind1=" " ind2=" ">
    <subfield code="2">ddc</subfield>
    <subfield code="9">317489</subfield>
    <subfield code="a">CUCL</subfield>
    <subfield code="b">cl210</subfield>
    <subfield code="d">2026-04-30</subfield>
    <subfield code="i">93919</subfield>
    <subfield code="o">Cai01.09.02.M.Sc.2025.Pe.A</subfield>
    <subfield code="p">01010110093919000</subfield>
    <subfield code="r">2026-04-30 15:38:19</subfield>
    <subfield code="w">2026-04-30</subfield>
    <subfield code="y">TH</subfield>
  </datafield>
</record>
